Quick Pick: Cities in India Quiz Stats

 Plays Quiz Updated Nov 18, 2019

Score 0/12 Timer 01:00
5 Plays Today
% Correct
Delhi
95.8%
Mumbai
90.9%
Jaipur
88.4%
Kolkata
84%
Chennai
80.7%
Agra
78.8%
Bhopal
76.8%
Bengaluru
67.1%
Chandigarh
62.9%
Pune
59.6%
Lucknow
56%
Thane
26.1%

Today's Daily Dose

Quick Pick
'M' Cities

Get the Picture
'South' Countries

You're not logged in!

Compare scores with friends on all Sporcle quizzes.
OR
Log In

Sporcle TV

Today on Sporcle TV


Watch our educational content, quiz creation guides, and fun videos on Sporcle TV.

Show Comments

Extras

Top Quizzes Today


Score Distribution

Your Account Isn't Verified!

In order to create a playlist on Sporcle, you need to verify the email address you used during registration. Go to your Sporcle Settings to finish the process.

Report this User

Report this user for behavior that violates our Community Guidelines.

Details: